Estudios de Deusto : Revista de la Universidad de Deusto : vol. XIV, fasc. 28, mayo-agosto 1966 /

Guardado en:
Detalles Bibliográficos
Otros autores: Mañaricúa, Andrés E. de (dirección) (dirección)
Formato: Libro
Idioma:Español
Publicado: Bilbao, España : Universidad de Deusto, 1966
Etiquetas: Agrega una etiqueta
Sin etiquetas, Sé el primero en etiquetar este registro!

MARC

LEADER 00000nam^a2200000^a^4500
001 000614102
005 20250521000000.0
009 20260310133634.576
037 |a Acervo Xavier Clavigero 
041 |a ESP 
091 |a FDU. 01366 
240 1 1 |a [Estudios de Deusto] 
245 0 0 |a Estudios de Deusto :  |b Revista de la Universidad de Deusto : vol. XIV, fasc. 28, mayo-agosto 1966 / 
264 1 |a Bilbao, España :  |b Universidad de Deusto,  |c 1966 
300 |a p. 222-434 
336 |a texto  |b txt  |2 rdacontenido 
337 |a sin mediación  |b n  |2 rdamedio 
338 |a volumen  |b nc  |2 rdasoporte 
649 |a XX 
700 |a Mañaricúa, Andrés E. de  |e (dirección) 
910 |a Fondo Víctor Raúl Durana Valerio S.J. 
920 |a Impresos - Libros 
930 |a Fondos Especiales 
905 |a 116 
901 |a 614102-10  |b IT2  |c ESP  |i D4610  |u 20250521 
902 |a https://opac.biblio.iteso.mx/vufind/Record/000614102